000 00469nam a2200181Ia 4500
001 13886
005 20260306164833.0
008 260306t2005||||xx |||||||||||||| ||spa||
041 _aESP
082 _a005.43
_bS78 2005
100 _aStallings, William
_eAUT
245 0 _aSistemas operativos:
_baspectos internos y principios de diseño
260 _c2005
300 _axx, 848 páginas :
_c25 cm.
650 _aGEN
654 _aCCC
942 _cLIB
_dJUS
_fJUS
_2ddc
_n
999 _c13886
_d13886